00786nam a2200229Ia 450000500170000000800410001702000150005804100080007308200180008124501150009925000220021430000330023665000320026965000430030165000450034470000170038926400270040633600270043333700330046033800280049304000350052120220316235558.0121119s2001 sp a gre 000 0 spa  a84241237860 aspa04aR 613.6 bE5100aEnciclopedia familiar Everest de la saludbinformación médica al alcance de todoscEva Ambros ... [et al.] aPrimera edición a816 páginasbilustraciones14aSalud vEnciclopedias2LEMB14aMedicina familiarvEnciclopedias2LEMB14aEducación sexual vEnciclopedias2LEMB1 aAmbros, Eva  aLeón bEverestc2001 atextobtxt2rdacontent asin mediaciónbn2rdamedia avolumenbnc2rdacarrier aCO-BoRNBPbspaerdacCO-BoRNBP